[Event "Blitz 2018"]
[Site "Saint-Petersburg"]
[Date "2018.12.29"]
[Round "12"]
[Board "84"]
[White "Bindrich Falko (GER)"]
[Black "Hirneise Jens (GER)"]
[Result "1-0"]
[LiveChessVersion "1.4.8"]
[BlackElo "2363"]
[WhiteElo "2639"]

1. d4 {[%clk 0:03:02]} Nf6 {[%clk 0:03:03]} 2. Nf3 {[%clk 0:03:04]} g6
{[%clk 0:03:04]} 3. Nbd2 {[%clk 0:03:05]} c5 {[%clk 0:03:04]} 4. dxc5
{[%clk 0:03:05]} Qa5 {[%clk 0:03:05]} 5. a3 {[%clk 0:03:07]} Qxc5 6. b4 Qc7
{[%clk 0:03:07]} 7. Bb2 {[%clk 0:03:09]} Bg7 {[%clk 0:03:08]} 8. e3
{[%clk 0:03:08]} b6 {[%clk 0:03:05]} 9. Be2 {[%clk 0:03:01]} O-O {[%clk 0:03:05]}
10. O-O {[%clk 0:03:01]} Bb7 {[%clk 0:03:06]} 11. c4 {[%clk 0:03:02]} d6
{[%clk 0:02:59]} 12. Qb3 {[%clk 0:03:01]} Nbd7 {[%clk 0:02:56]} 13. Rac1
{[%clk 0:02:57]} Ne4 {[%clk 0:02:42]} 14. Nxe4 {[%clk 0:02:53]} Bxe4
{[%clk 0:02:42]} 15. Bxg7 {[%clk 0:02:54]} Kxg7 {[%clk 0:02:43]} 16. Nd4
{[%clk 0:02:53]} Kg8 {[%clk 0:02:40]} 17. Nb5 {[%clk 0:02:46]} Qb8
{[%clk 0:02:25]} 18. Nc3 {[%clk 0:02:43]} Bc6 {[%clk 0:02:17]} 19. Nd5
{[%clk 0:02:42]} Re8 {[%clk 0:01:46]} 20. Rfd1 {[%clk 0:02:42]} e6
{[%clk 0:01:38]} 21. Nc3 {[%clk 0:02:37]} Rd8 {[%clk 0:01:37]} 22. Qb2
{[%clk 0:02:32]} a5 {[%clk 0:01:30]} 23. h4 {[%clk 0:02:27]} axb4
{[%clk 0:01:25]} 24. axb4 {[%clk 0:02:28]} Qc7 {[%clk 0:01:15]} 25. Nd5
{[%clk 0:02:22]} Bxd5 {[%clk 0:00:29]} 26. cxd5 {[%clk 0:02:22]} Qb8
{[%clk 0:00:27]} 27. dxe6 {[%clk 0:02:13]} fxe6 {[%clk 0:00:28]} 28. Bg4
{[%clk 0:02:03]} Re8 {[%clk 0:00:17]} 29. Qd4 {[%clk 0:02:03]} Ne5
{[%clk 0:00:15]} 30. Bh3 {[%clk 0:01:59]} Nf7 {[%clk 0:00:10]} 31. h5
{[%clk 0:01:46]} Qd8 {[%clk 0:00:06]} 32. Rc6 {[%clk 0:01:39]} b5
{[%clk 0:00:05]} 33. h6 {[%clk 0:01:37]} e5 {[%clk 0:00:03]} 34. Qd5
{[%clk 0:01:37]} Qf6 {[%clk 0:00:03]} 35. Rc7 {[%clk 0:01:33]} Re7
{[%clk 0:00:03]} 1-0

[Event "Blitz 2018"]
[Site "Saint-Petersburg"]
[Date "2018.12.29"]
[Round "12"]
[Board "85"]
[White "Teterev Vitaly (BLR)"]
[Black "Sokolin Leonid (USA)"]
[Result "1-0"]
[LiveChessVersion "1.4.8"]
[BlackElo "2508"]
[WhiteElo "2397"]

1. Nf3 {[%clk 0:03:03]} c5 {[%clk 0:03:03]} 2. e4 {[%clk 0:03:04]} Nc6
{[%clk 0:03:04]} 3. Bb5 {[%clk 0:03:04]} d6 {[%clk 0:02:59]} 4. O-O
{[%clk 0:03:05]} Nf6 {[%clk 0:02:59]} 5. Re1 {[%clk 0:03:05]} Bd7
{[%clk 0:02:57]} 6. c3 {[%clk 0:03:07]} a6 {[%clk 0:02:58]} 7. Bf1
{[%clk 0:03:07]} e5 {[%clk 0:02:59]} 8. h3 {[%clk 0:02:56]} Be7 {[%clk 0:03:00]}
9. d4 {[%clk 0:02:57]} cxd4 {[%clk 0:03:01]} 10. cxd4 {[%clk 0:02:58]} O-O
{[%clk 0:02:59]} 11. Nc3 {[%clk 0:02:56]} Re8 {[%clk 0:02:59]} 12. d5
{[%clk 0:02:52]} Na7 {[%clk 0:02:56]} 13. a4 {[%clk 0:02:52]} Nc8
{[%clk 0:02:47]} 14. Qb3 {[%clk 0:02:41]} Qb6 {[%clk 0:02:38]} 15. Qa3
{[%clk 0:02:26]} Qc7 {[%clk 0:02:28]} 16. Be3 {[%clk 0:02:21]} Nb6
{[%clk 0:02:29]} 17. Qb3 {[%clk 0:02:21]} Bd8 {[%clk 0:02:22]} 18. Rec1
{[%clk 0:02:14]} Nc8 {[%clk 0:02:21]} 19. Nd2 {[%clk 0:02:02]} b6
{[%clk 0:02:08]} 20. Qa3 {[%clk 0:01:39]} Qb8 {[%clk 0:02:06]} 21. Nc4
{[%clk 0:01:21]} h6 {[%clk 0:02:00]} 22. Qb3 {[%clk 0:01:17]} Nh5
{[%clk 0:01:47]} 23. Qd1 {[%clk 0:01:18]} Nf4 {[%clk 0:01:46]} 24. Kh2
{[%clk 0:01:13]} Bg5 {[%clk 0:01:46]} 25. Qb3 {[%clk 0:01:10]} Ng6
{[%clk 0:01:43]} 26. Nd1 {[%clk 0:00:57]} Bxe3 {[%clk 0:01:39]} 27. Ndxe3
{[%clk 0:00:55]} Nge7 {[%clk 0:01:30]} 28. Be2 {[%clk 0:00:49]} f5
{[%clk 0:01:27]} 29. exf5 {[%clk 0:00:48]} Nxf5 {[%clk 0:01:28]} 30. Bg4
{[%clk 0:00:47]} Rf8 {[%clk 0:01:29]} 31. Qd3 {[%clk 0:00:37]} Nce7
{[%clk 0:01:30]} 32. Qb3 {[%clk 0:00:35]} b5 {[%clk 0:01:32]} 33. axb5 Bxb5
{[%clk 0:01:33]} 34. Na5 {[%clk 0:00:30]} Nd4 35. Qb4 {[%clk 0:00:16]} Rxf2
{[%clk 0:01:29]} 36. Qe1 {[%clk 0:00:15]} Rf6 {[%clk 0:01:27]} 37. Qd2
{[%clk 0:00:07]} Qb6 {[%clk 0:01:20]} 38. b4 {[%clk 0:00:09]} Raf8
{[%clk 0:01:20]} 39. Nd1 {[%clk 0:00:05]} Nxd5 {[%clk 0:01:16]} 40. Qa2
{[%clk 0:00:07]} Kh8 {[%clk 0:00:44]} 41. Qxd5 {[%clk 0:00:08]} Be2
{[%clk 0:00:36]} 42. Ne3 {[%clk 0:00:07]} Qxb4 {[%clk 0:00:31]} 43. Nc6
{[%clk 0:00:08]} Qd2 {[%clk 0:00:32]} 44. Nxd4 {[%clk 0:00:04]} exd4
{[%clk 0:00:33]} 45. Bxe2 {[%clk 0:00:04]} Qxe3 {[%clk 0:00:32]} 46. Bg4
{[%clk 0:00:04]} Rf2 {[%clk 0:00:31]} 47. Re1 {[%clk 0:00:04]} Qf4+
{[%clk 0:00:32]} 48. Kg1 {[%clk 0:00:06]} d3 {[%clk 0:00:32]} 49. Qxd3
{[%clk 0:00:06]} Rd2 {[%clk 0:00:32]} 50. Qf3 {[%clk 0:00:06]} Qd4+
{[%clk 0:00:33]} 51. Qe3 {[%clk 0:00:07]} Qb2 {[%clk 0:00:33]} 52. Bf3
{[%clk 0:00:08]} d5 {[%clk 0:00:34]} 53. Rab1 {[%clk 0:00:08]} Qa2
{[%clk 0:00:35]} 54. Ra1 {[%clk 0:00:07]} Qc2 {[%clk 0:00:34]} 55. Rec1 Qb2 56.
Rab1 {[%clk 0:00:10]} Qa2 {[%clk 0:00:37]} 57. Qb3 {[%clk 0:00:09]} Qa5
{[%clk 0:00:38]} 58. Qc3 {[%clk 0:00:10]} Qxc3 {[%clk 0:00:36]} 59. Rxc3
{[%clk 0:00:11]} d4 {[%clk 0:00:37]} 60. Ra3 {[%clk 0:00:13]} Rf6
{[%clk 0:00:37]} 61. Be4 {[%clk 0:00:12]} g6 {[%clk 0:00:33]} 62. Ra5
{[%clk 0:00:08]} h5 {[%clk 0:00:35]} 63. Rb7 {[%clk 0:00:08]} Re6
{[%clk 0:00:34]} 64. Rd5 {[%clk 0:00:09]} Re8 {[%clk 0:00:35]} 65. Bxg6
{[%clk 0:00:08]} Ree2 {[%clk 0:00:32]} 66. Rd8+ {[%clk 0:00:07]} 1-0

[Event "Blitz 2018"]
[Site "Saint-Petersburg"]
[Date "2018.12.29"]
[Round "12"]
[Board "86"]
[White "Yeritsyan Aram (RUS)"]
[Black "Sanikidze Tornike (GEO)"]
[Result "0-1"]
[LiveChessVersion "1.4.8"]
[BlackElo "2484"]
[WhiteElo "2191"]

1. e4 {[%clk 0:03:03]} c5 {[%clk 0:03:01]} 2. Nf3 {[%clk 0:03:03]} d6
{[%clk 0:03:02]} 3. d4 {[%clk 0:03:05]} cxd4 {[%clk 0:03:04]} 4. Nxd4
{[%clk 0:03:06]} Nf6 {[%clk 0:03:04]} 5. Nc3 {[%clk 0:03:07]} Nc6
{[%clk 0:03:05]} 6. Bg5 {[%clk 0:03:07]} e6 {[%clk 0:03:06]} 7. Qd2
{[%clk 0:03:08]} Bd7 {[%clk 0:03:07]} 8. O-O-O {[%clk 0:03:08]} a6
{[%clk 0:03:08]} 9. f4 {[%clk 0:03:09]} h6 {[%clk 0:03:09]} 10. Bh4
{[%clk 0:02:41]} g5 {[%clk 0:03:10]} 11. fxg5 {[%clk 0:02:33]} Ng4
{[%clk 0:03:12]} 12. Be2 {[%clk 0:02:22]} Nge5 {[%clk 0:03:11]} 13. Kb1
{[%clk 0:01:39]} Be7 {[%clk 0:02:58]} 14. Rhf1 {[%clk 0:01:37]} hxg5
{[%clk 0:02:56]} 15. Bg3 {[%clk 0:01:38]} Qc7 {[%clk 0:02:49]} 16. Nxc6
{[%clk 0:01:33]} Bxc6 {[%clk 0:02:45]} 17. Qe3 {[%clk 0:01:23]} f6
{[%clk 0:02:38]} 18. h3 {[%clk 0:01:07]} O-O-O {[%clk 0:02:28]} 19. Bxe5
{[%clk 0:00:59]} dxe5 {[%clk 0:02:23]} 20. Bg4 {[%clk 0:00:59]} Bd7
{[%clk 0:02:20]} 21. Qa7 Bc5 {[%clk 0:02:18]} 22. Qa8+ {[%clk 0:00:49]} Qb8
{[%clk 0:02:20]} 23. Qxb8+ {[%clk 0:00:49]} Kxb8 {[%clk 0:02:21]} 24. Rxf6
{[%clk 0:00:49]} Rhe8 {[%clk 0:02:02]} 25. Ne2 {[%clk 0:00:36]} Bc6
{[%clk 0:02:00]} 26. Ng3 {[%clk 0:00:18]} Be3 {[%clk 0:01:45]} 27. Rff1
{[%clk 0:00:12]} Bf4 {[%clk 0:01:45]} 28. Nh5 {[%clk 0:00:04]} Bxe4 29. Bxe6
{[%clk 0:00:04]} Rxd1+ {[%clk 0:01:45]} 30. Rxd1 {[%clk 0:00:05]} Rxe6
{[%clk 0:01:47]} 0-1

[Event "Blitz 2018"]
[Site "Saint-Petersburg"]
[Date "2018.12.29"]
[Round "12"]
[Board "97"]
[White "Gaifullin Artur (RUS)"]
[Black "Ovchinnikov Vsevolod (RUS)"]
[Result "1-0"]
[BlackElo "2375"]
[WhiteElo "2231"]
[LiveChessVersion "1.4.8"]

1. Nf3 {[%clk 0:03:03]} Nf6 {[%clk 0:03:03]} 2. e3 {[%clk 0:03:03]} g6
{[%clk 0:03:04]} 3. d4 {[%clk 0:03:03]} Bg7 {[%clk 0:03:05]} 4. c4
{[%clk 0:03:04]} d5 {[%clk 0:03:06]} 5. cxd5 {[%clk 0:03:05]} Nxd5
{[%clk 0:03:07]} 6. e4 {[%clk 0:03:06]} Nb6 {[%clk 0:03:06]} 7. Be2
{[%clk 0:02:58]} Bg4 {[%clk 0:03:00]} 8. Be3 {[%clk 0:02:58]} c5 {[%clk 0:02:22]}
9. e5 {[%clk 0:02:34]} cxd4 {[%clk 0:02:11]} 10. Bxd4 {[%clk 0:02:08]} Nc6
{[%clk 0:02:12]} 11. Bc3 {[%clk 0:02:09]} Qxd1+ {[%clk 0:02:08]} 12. Bxd1
{[%clk 0:02:10]} O-O-O {[%clk 0:01:26]} 13. Nbd2 {[%clk 0:01:59]} Nd5
{[%clk 0:01:07]} 14. Rc1 {[%clk 0:01:34]} Bh6 {[%clk 0:00:27]} 15. Nd4
{[%clk 0:00:55]} Bxd1 {[%clk 0:00:09]} 16. Nxc6 {[%clk 0:00:56]} bxc6
{[%clk 0:00:08]} 17. Rxd1 {[%clk 0:00:56]} Nxc3 {[%clk 0:00:08]} 18. bxc3
{[%clk 0:00:57]} Rd5 {[%clk 0:00:07]} 19. Nf3 {[%clk 0:00:51]} Rhd8
{[%clk 0:00:08]} 20. Rd4 {[%clk 0:00:26]} Ra5 {[%clk 0:00:08]} 21. O-O
{[%clk 0:00:24]} Rxa2 {[%clk 0:00:07]} 22. Rh4 {[%clk 0:00:23]} Bd2
{[%clk 0:00:05]} 23. Rxh7 {[%clk 0:00:23]} Bxc3 {[%clk 0:00:05]} 24. Rxf7
{[%clk 0:00:23]} Bb4 {[%clk 0:00:06]} 25. h4 {[%clk 0:00:15]} a5 {[%clk 0:00:07]}
26. Rc1 {[%clk 0:00:16]} Kc7 {[%clk 0:00:07]} 27. Rg7 {[%clk 0:00:10]} a4
{[%clk 0:00:08]} 28. Rxg6 {[%clk 0:00:11]} c5 {[%clk 0:00:08]} 29. e6
{[%clk 0:00:08]} a3 {[%clk 0:00:08]} 30. Rg4 {[%clk 0:00:08]} Kb6
{[%clk 0:00:09]} 31. Ne5 {[%clk 0:00:08]} Rd5 {[%clk 0:00:08]} 32. Nd7+
{[%clk 0:00:09]} Kb5 {[%clk 0:00:09]} 33. Rg5 {[%clk 0:00:09]} Rxg5
{[%clk 0:00:09]} 34. hxg5 {[%clk 0:00:10]} Re2 {[%clk 0:00:09]} 35. g6
{[%clk 0:00:11]} Rxe6 {[%clk 0:00:10]} 36. Nf8 {[%clk 0:00:10]} Re5
{[%clk 0:00:10]} 37. f4 {[%clk 0:00:11]} Re3 {[%clk 0:00:07]} 38. Kf2
{[%clk 0:00:12]} Bd2 {[%clk 0:00:07]} 39. Rb1+ {[%clk 0:00:11]} Kc4
{[%clk 0:00:08]} 40. g7 {[%clk 0:00:12]} a2 {[%clk 0:00:08]} 41. Ra1
{[%clk 0:00:12]} Re1 {[%clk 0:00:08]} 42. Rxa2 {[%clk 0:00:13]} 1-0

[Event "Blitz 2018"]
[Site "Saint-Petersburg"]
[Date "2018.12.29"]
[Round "12"]
[Board "98"]
[White "Pogosyan Stefan (RUS)"]
[Black "Al Thebaiti Ahmed M (KSA)"]
[Result "1-0"]
[BlackElo "1976"]
[WhiteElo "2330"]
[LiveChessVersion "1.4.8"]

1. d4 {[%clk 0:03:04]} d5 {[%clk 0:03:03]} 2. c4 {[%clk 0:03:05]} dxc4
{[%clk 0:03:03]} 3. Nf3 {[%clk 0:03:06]} Nf6 {[%clk 0:03:04]} 4. e3
{[%clk 0:03:07]} e6 {[%clk 0:03:05]} 5. Bxc4 {[%clk 0:03:08]} c5 {[%clk 0:03:06]}
6. O-O {[%clk 0:03:08]} a6 {[%clk 0:03:07]} 7. Nc3 {[%clk 0:03:06]} Nc6
{[%clk 0:03:07]} 8. Qe2 {[%clk 0:03:03]} Be7 {[%clk 0:03:05]} 9. Rd1
{[%clk 0:02:43]} Qc7 {[%clk 0:03:04]} 10. a3 {[%clk 0:02:41]} O-O
{[%clk 0:02:57]} 11. dxc5 {[%clk 0:02:40]} Bxc5 {[%clk 0:02:50]} 12. b4
{[%clk 0:02:41]} Be7 {[%clk 0:02:44]} 13. Bb2 {[%clk 0:02:42]} b5
{[%clk 0:02:34]} 14. Bd3 {[%clk 0:02:18]} Bb7 {[%clk 0:02:29]} 15. Rac1
{[%clk 0:02:18]} Qb6 {[%clk 0:02:19]} 16. Ne4 {[%clk 0:02:05]} Nxe4
{[%clk 0:01:48]} 17. Bxe4 {[%clk 0:02:06]} Rad8 {[%clk 0:01:41]} 18. Rxd8
{[%clk 0:01:35]} Rxd8 {[%clk 0:01:41]} 19. Bb1 {[%clk 0:01:35]} Bf8
{[%clk 0:00:58]} 20. Qc2 {[%clk 0:01:34]} f5 {[%clk 0:00:43]} 21. Ba2
{[%clk 0:01:06]} Ne7 {[%clk 0:00:42]} 22. h3 {[%clk 0:00:55]} Bd5
{[%clk 0:00:42]} 23. Bxd5 {[%clk 0:00:44]} Rxd5 {[%clk 0:00:43]} 24. Ne5
{[%clk 0:00:27]} Qd8 {[%clk 0:00:41]} 25. Bd4 {[%clk 0:00:27]} Ng6
{[%clk 0:00:36]} 26. Nxg6 {[%clk 0:00:21]} hxg6 {[%clk 0:00:37]} 27. Qc6
{[%clk 0:00:17]} Qd6 {[%clk 0:00:30]} 28. Qxd6 {[%clk 0:00:08]} Rxd6
{[%clk 0:00:31]} 29. Rc8 {[%clk 0:00:08]} Rd5 {[%clk 0:00:06]} 30. Bc5
{[%clk 0:00:08]} 1-0

[Event "Blitz 2018"]
[Site "Saint-Petersburg"]
[Date "2018.12.29"]
[Round "12"]
[Board "99"]
[White "Al Turky Fahad A (KSA)"]
[Black "Perdomo Carlos Andres (COL)"]
[Result "0-1"]
[BlackElo "2301"]
[WhiteElo "1851"]
[LiveChessVersion "1.4.8"]

1. e4 {[%clk 0:03:03]} c5 {[%clk 0:03:03]} 2. Nf3 {[%clk 0:03:04]} e6
{[%clk 0:03:04]} 3. d4 {[%clk 0:03:03]} cxd4 {[%clk 0:03:05]} 4. Nxd4
{[%clk 0:03:04]} a6 {[%clk 0:03:06]} 5. a4 {[%clk 0:02:58]} Qc7 {[%clk 0:03:04]}
6. c4 {[%clk 0:02:58]} Nf6 {[%clk 0:03:01]} 7. Nc3 {[%clk 0:02:59]} Bb4
{[%clk 0:03:01]} 8. Bd3 {[%clk 0:02:50]} Nc6 {[%clk 0:02:34]} 9. Nxc6
{[%clk 0:02:31]} bxc6 {[%clk 0:02:32]} 10. Qc2 {[%clk 0:02:15]} O-O
{[%clk 0:02:25]} 11. O-O {[%clk 0:02:15]} Ng4 {[%clk 0:02:21]} 12. g3
{[%clk 0:01:58]} Ne5 {[%clk 0:02:10]} 13. Be2 {[%clk 0:01:50]} d6
{[%clk 0:01:44]} 14. Be3 {[%clk 0:01:45]} a5 {[%clk 0:01:26]} 15. Rad1
{[%clk 0:01:44]} Ba6 {[%clk 0:01:23]} 16. b3 {[%clk 0:01:40]} Rad8
{[%clk 0:01:16]} 17. f4 {[%clk 0:01:34]} Nd7 {[%clk 0:01:14]} 18. Na2
{[%clk 0:01:19]} Bc5 {[%clk 0:01:14]} 19. Qd3 {[%clk 0:01:14]} Qb6
{[%clk 0:01:13]} 20. Bxc5 {[%clk 0:01:08]} Nxc5 {[%clk 0:01:14]} 21. Qe3
{[%clk 0:01:03]} Qxb3 {[%clk 0:01:12]} 22. Qxb3 {[%clk 0:01:00]} Nxb3 23. Rd3
{[%clk 0:00:46]} Nc5 {[%clk 0:01:13]} 24. Re3 {[%clk 0:00:42]} Rb8
{[%clk 0:01:11]} 25. Rd1 {[%clk 0:00:39]} Rfd8 {[%clk 0:01:10]} 26. e5
{[%clk 0:00:39]} d5 {[%clk 0:01:09]} 27. cxd5 {[%clk 0:00:40]} cxd5
{[%clk 0:01:08]} 28. Bxa6 {[%clk 0:00:38]} Nxa6 {[%clk 0:01:09]} 29. Rc3
{[%clk 0:00:30]} g6 {[%clk 0:01:09]} 30. Rc6 {[%clk 0:00:30]} Nb4
{[%clk 0:01:10]} 31. Nxb4 {[%clk 0:00:27]} Rxb4 {[%clk 0:01:11]} 32. Ra1
{[%clk 0:00:25]} d4 {[%clk 0:01:02]} 33. Rc5 {[%clk 0:00:21]} d3 {[%clk 0:00:59]}
34. Kf2 {[%clk 0:00:14]} d2 {[%clk 0:00:59]} 35. Rd1 {[%clk 0:00:14]} Rxa4
{[%clk 0:00:59]} 36. Ke2 {[%clk 0:00:13]} Re4+ {[%clk 0:00:53]} 37. Kf2
{[%clk 0:00:12]} a4 {[%clk 0:00:54]} 38. Rc2 {[%clk 0:00:12]} Red4
{[%clk 0:00:52]} 39. Ra2 {[%clk 0:00:12]} Kg7 {[%clk 0:00:53]} 40. Ke2
{[%clk 0:00:13]} h6 {[%clk 0:00:53]} 41. Rdxd2 {[%clk 0:00:12]} Rxd2+
{[%clk 0:00:54]} 42. Rxd2 {[%clk 0:00:13]} Rxd2+ {[%clk 0:00:55]} 43. Kxd2 g5
{[%clk 0:00:56]} 44. Kc3 {[%clk 0:00:15]} gxf4 {[%clk 0:00:57]} 45. gxf4
{[%clk 0:00:16]} Kg6 {[%clk 0:00:58]} 46. Kb4 {[%clk 0:00:17]} Kf5
{[%clk 0:01:00]} 47. Kxa4 {[%clk 0:00:18]} Kxf4 {[%clk 0:01:01]} 48. Kb4
{[%clk 0:00:19]} Kxe5 {[%clk 0:01:01]} 0-1

[Event "Blitz 2018"]
[Site "Saint-Petersburg"]
[Date "2018.12.29"]
[Round "12"]
[Board "100"]
[White "Masrahi Abdulrahman A (KSA)"]
[Black "Khayat Abdullah F (KSA)"]
[Result "1-0"]
[BlackElo "1709"]
[WhiteElo "1966"]
[LiveChessVersion "1.4.8"]

1. d4 {[%clk 0:03:02]} Nf6 {[%clk 0:03:02]} 2. Nf3 {[%clk 0:03:03]} d6
{[%clk 0:03:03]} 3. Bf4 {[%clk 0:03:04]} Nh5 {[%clk 0:03:03]} 4. Bg5
{[%clk 0:03:04]} f6 {[%clk 0:02:46]} 5. Bc1 {[%clk 0:02:54]} g6 {[%clk 0:02:42]}
6. e4 {[%clk 0:02:52]} e5 {[%clk 0:02:31]} 7. dxe5 {[%clk 0:02:48]} fxe5
{[%clk 0:02:28]} 8. Bc4 {[%clk 0:02:47]} Nf4 {[%clk 0:02:13]} 9. Bxf4
{[%clk 0:02:38]} exf4 {[%clk 0:02:14]} 10. O-O {[%clk 0:02:26]} Qf6
{[%clk 0:02:13]} 11. e5 {[%clk 0:02:17]} Qf5 {[%clk 0:01:40]} 12. exd6
{[%clk 0:02:02]} Bxd6 {[%clk 0:01:22]} 13. Re1+ {[%clk 0:01:59]} Kf8
{[%clk 0:01:19]} 14. Qd4 {[%clk 0:01:52]} 1-0

[Event "Blitz 2018"]
[Site "Saint-Petersburg"]
[Date "2018.12.30"]
[Round "13"]
[Board "2"]
[White "Svidler Peter (RUS)"]
[Black "Artemiev Vladislav (RUS)"]
[Result "1/2-1/2"]
[BlackElo "2825"]
[WhiteElo "2770"]
[LiveChessVersion "1.4.8"]

1. Nf3 {[%clk 0:03:02]} d5 {[%clk 0:02:58]} 2. g3 {[%clk 0:03:03]} g6
{[%clk 0:02:55]} 3. Bg2 {[%clk 0:03:03]} Bg7 {[%clk 0:02:56]} 4. d4
{[%clk 0:03:04]} Nf6 {[%clk 0:02:57]} 5. O-O {[%clk 0:03:02]} O-O
{[%clk 0:02:57]} 6. c4 {[%clk 0:03:02]} Nc6 {[%clk 0:02:55]} 7. cxd5
{[%clk 0:03:01]} Nxd5 {[%clk 0:02:56]} 8. e4 {[%clk 0:03:02]} Nb6
{[%clk 0:02:57]} 9. d5 {[%clk 0:03:02]} Na5 {[%clk 0:02:58]} 10. Qe1
{[%clk 0:03:03]} Nac4 {[%clk 0:02:55]} 11. Nc3 {[%clk 0:03:04]} Bg4
{[%clk 0:02:31]} 12. b3 {[%clk 0:02:43]} Bxf3 {[%clk 0:02:30]} 13. Bxf3
{[%clk 0:02:44]} Ne5 {[%clk 0:02:31]} 14. Be2 {[%clk 0:02:37]} c6
{[%clk 0:02:30]} 15. f4 {[%clk 0:02:33]} Ned7 {[%clk 0:02:27]} 16. dxc6
{[%clk 0:02:34]} bxc6 {[%clk 0:02:24]} 17. Be3 {[%clk 0:02:24]} e6
{[%clk 0:02:04]} 18. Rc1 {[%clk 0:02:17]} Qe7 {[%clk 0:02:03]} 19. Qf2
{[%clk 0:02:10]} Rfd8 {[%clk 0:01:41]} 20. e5 {[%clk 0:01:56]} f6
{[%clk 0:01:42]} 21. exf6 {[%clk 0:01:51]} Nxf6 {[%clk 0:01:42]} 22. Bf3
{[%clk 0:01:46]} Rac8 {[%clk 0:00:43]} 23. Ne4 {[%clk 0:01:40]} Nxe4
{[%clk 0:00:14]} 24. Bxe4 {[%clk 0:01:40]} Nd5 {[%clk 0:00:14]} 25. Bc5
{[%clk 0:01:34]} Qf7 {[%clk 0:00:11]} 26. Rfe1 {[%clk 0:01:24]} a5
{[%clk 0:00:11]} 27. Bg2 {[%clk 0:01:19]} Nb4 {[%clk 0:00:11]} 28. Be4
{[%clk 0:01:10]} Nd3 {[%clk 0:00:08]} 29. Bxd3 {[%clk 0:01:11]} Rxd3
{[%clk 0:00:09]} 30. Qe2 {[%clk 0:01:13]} Rcd8 {[%clk 0:00:08]} 31. Qxe6
{[%clk 0:01:11]} Qxe6 {[%clk 0:00:09]} 32. Rxe6 {[%clk 0:01:12]} Rd2
{[%clk 0:00:11]} 33. Rce1 {[%clk 0:00:55]} Rxa2 {[%clk 0:00:10]} 34. Re8+
{[%clk 0:00:56]} Rxe8 {[%clk 0:00:11]} 35. Rxe8+ {[%clk 0:00:57]} Kf7
{[%clk 0:00:12]} 36. Re7+ {[%clk 0:00:58]} Kg8 {[%clk 0:00:13]} 37. Re8+
{[%clk 0:01:00]} Kf7 {[%clk 0:00:13]} 38. Re7+ {[%clk 0:00:55]} Kg8
{[%clk 0:00:14]} 1/2-1/2

[Event "Blitz 2018"]
[Site "Saint-Petersburg"]
[Date "2018.12.30"]
[Round "13"]
[Board "4"]
[White "Andreikin Dmitry (RUS)"]
[Black "Karjakin Sergey (RUS)"]
[Result "1/2-1/2"]
[BlackElo "2759"]
[WhiteElo "2777"]
[LiveChessVersion "1.4.8"]

1. d4 {[%clk 0:03:03]} Nf6 {[%clk 0:03:04]} 2. Bg5 {[%clk 0:03:04]} d5
{[%clk 0:03:04]} 3. Nd2 {[%clk 0:03:05]} c5 {[%clk 0:03:02]} 4. dxc5
{[%clk 0:03:06]} e6 {[%clk 0:02:45]} 5. e4 {[%clk 0:03:06]} Bxc5 {[%clk 0:02:35]}
6. Qe2 {[%clk 0:03:07]} dxe4 {[%clk 0:01:49]} 7. O-O-O {[%clk 0:02:47]} Qa5
{[%clk 0:01:46]} 8. Nb3 {[%clk 0:02:32]} Qc7 {[%clk 0:01:30]} 9. Bxf6
{[%clk 0:01:43]} gxf6 {[%clk 0:01:31]} 10. Qb5+ {[%clk 0:01:43]} Nd7
{[%clk 0:01:32]} 11. Rxd7 {[%clk 0:01:37]} Bxd7 {[%clk 0:01:33]} 12. Qxc5
{[%clk 0:01:37]} Qxc5 {[%clk 0:01:34]} 13. Nxc5 {[%clk 0:01:38]} Bc6
{[%clk 0:01:36]} 14. Ne2 {[%clk 0:01:35]} Rd8 {[%clk 0:01:34]} 15. c3
{[%clk 0:01:30]} Ke7 {[%clk 0:01:29]} 16. Nd4 {[%clk 0:01:27]} f5
{[%clk 0:01:24]} 17. Be2 {[%clk 0:01:12]} Bd5 {[%clk 0:01:20]} 18. a4
{[%clk 0:01:11]} Rc8 {[%clk 0:01:17]} 19. b4 {[%clk 0:00:34]} b6 {[%clk 0:01:14]}
20. Na6 {[%clk 0:00:35]} Rxc3+ {[%clk 0:01:10]} 21. Kb2 {[%clk 0:00:35]} Rhc8
{[%clk 0:01:06]} 22. b5 {[%clk 0:00:36]} Kf6 {[%clk 0:00:53]} 23. Nb4
{[%clk 0:00:35]} R3c5 {[%clk 0:00:45]} 24. Na6 {[%clk 0:00:29]} Rc3
{[%clk 0:00:42]} 25. Nb4 {[%clk 0:00:31]} f4 {[%clk 0:00:26]} 26. Rd1
{[%clk 0:00:23]} R3c5 {[%clk 0:00:21]} 27. Na6 {[%clk 0:00:23]} Rc3
{[%clk 0:00:21]} 28. Nb4 {[%clk 0:00:21]} R3c5 {[%clk 0:00:19]} 29. Na6
{[%clk 0:00:17]} Rc3 {[%clk 0:00:20]} 30. Nb4 {[%clk 0:00:15]} e3 1/2-1/2

[Event "Blitz 2018"]
[Site "Saint-Petersburg"]
[Date "2018.12.30"]
[Round "13"]
[Board "6"]
[White "Aronian Levon (ARM)"]
[Black "Korobov Anton (UKR)"]
[Result "1-0"]
[LiveChessVersion "1.4.8"]
[BlackElo "2677"]
[WhiteElo "2858"]

1. e4 {[%clk 0:03:03]} c5 {[%clk 0:03:03]} 2. Nf3 {[%clk 0:03:04]} Nc6
{[%clk 0:03:03]} 3. Nc3 {[%clk 0:03:05]} e6 {[%clk 0:03:01]} 4. d4
{[%clk 0:03:05]} cxd4 {[%clk 0:03:02]} 5. Nxd4 {[%clk 0:03:05]} Qc7
{[%clk 0:03:01]} 6. Ndb5 {[%clk 0:02:54]} Qb8 {[%clk 0:03:00]} 7. f4
{[%clk 0:02:54]} a6 {[%clk 0:02:53]} 8. Nd4 {[%clk 0:02:54]} Nge7
{[%clk 0:02:49]} 9. Be3 {[%clk 0:02:46]} b5 {[%clk 0:02:46]} 10. a3
{[%clk 0:02:42]} Bb7 {[%clk 0:02:15]} 11. Nb3 {[%clk 0:02:37]} Ng6
{[%clk 0:01:54]} 12. Qd2 {[%clk 0:02:39]} d6 {[%clk 0:01:55]} 13. h4
{[%clk 0:02:35]} h5 {[%clk 0:01:41]} 14. Be2 {[%clk 0:02:29]} Be7
{[%clk 0:01:41]} 15. g3 {[%clk 0:02:30]} Qc7 {[%clk 0:01:34]} 16. O-O-O
{[%clk 0:01:39]} Rd8 {[%clk 0:01:35]} 17. Kb1 {[%clk 0:01:36]} Bf6
{[%clk 0:01:34]} 18. Na2 {[%clk 0:01:20]} Nge7 {[%clk 0:01:23]} 19. Qe1
{[%clk 0:01:06]} g6 {[%clk 0:01:21]} 20. Qf2 {[%clk 0:01:07]} Rc8
{[%clk 0:01:21]} 21. Rd2 {[%clk 0:01:05]} Bg7 {[%clk 0:01:09]} 22. Rhd1
{[%clk 0:01:02]} d5 {[%clk 0:01:11]} 23. e5 {[%clk 0:00:56]} Nf5 {[%clk 0:00:58]}
24. Bb6 {[%clk 0:00:57]} Qb8 {[%clk 0:00:57]} 25. Bc5 {[%clk 0:00:57]} Nce7
{[%clk 0:00:50]} 26. Nb4 {[%clk 0:00:52]} Kf8 {[%clk 0:00:31]} 27. g4
{[%clk 0:00:47]} hxg4 {[%clk 0:00:31]} 28. Bxg4 {[%clk 0:00:48]} Kg8
{[%clk 0:00:29]} 29. h5 {[%clk 0:00:46]} gxh5 {[%clk 0:00:30]} 30. Bh3
{[%clk 0:00:48]} Rh6 {[%clk 0:00:20]} 31. Nd3 {[%clk 0:00:38]} Kh7
{[%clk 0:00:20]} 32. Bxe7 {[%clk 0:00:34]} Nxe7 {[%clk 0:00:21]} 33. f5
{[%clk 0:00:35]} exf5 {[%clk 0:00:09]} 34. Bxf5+ {[%clk 0:00:36]} Nxf5
{[%clk 0:00:09]} 35. Qxf5+ {[%clk 0:00:36]} Kh8 {[%clk 0:00:06]} 36. Rh2
{[%clk 0:00:30]} 1-0